00469nam a2200181 a 4500001001300000003000900013005001700022008004100039020001000080082001800090100002500108245003600133260004100169300000900210500003500219505001500254650001800269nice12345678IN_TiNIC20260116011916.0050524s1956 newa grp 000 0 eng  ac10000a294.5924bPRA aPrabhavananda, Swami aBhagavad Gita, the Song of God. aNew YorkbNew American Libraryc1956 a143p aincludes index and biblioraphy2 aConclusion aBhagavad Gita